000 00585cam a2200169 4500
001 10667
005 20230404125640.0
008 060907n1997 wau spa
035 _9funglode10751
041 _aspa
050 1 4 _aCD F
110 _aBanco Interamericano de Desarrollo
245 1 _aProgresos y problemas en al aplicación de las Leyes de Participación Popular y Descentralización Administrativas en Bolivia /
_cBanco Interamericano de Desarrollo
260 _aWashington D.C. :
_bBanco Interamericano de Desarrollo,
_c1997
300 _aviii, 41 p.
942 _2lcc
_ccd
999 _c1865
_d1865